[Event "AUTO-OPEN-894"]
[Site "http://www.queenalice.com/game.php?id=300421"]
[Date "2007.11.8"]
[Round "1"]
[White "juliocesarbraga"]
[Black "juliux"]
[Result "0-1"]
[WhiteElo "1384"]
[BlackElo "1776"]

1. e4 e5 2. Nf3 Nc6 3. d4 exd4 4. Nxd4 Nxd4 5. Qxd4 c6 6. Bc4 Ne7 7. O-O d5 8.
exd5 Nxd5 9. Bxd5 cxd5 10. Nc3 Be6 11. Re1 Be7 12. h3 O-O 13. Be3 b6 14. a3 Bc5
15. Qd3 d4 16. Bxd4 Qxd4 17. Qxd4 Bxd4 18. Nd1 Rac8 19. c3 Bf6 20. Ne3 Bg5 21.
Kh2 Bxe3 22. Rxe3 a5 23. Rae1 b5 24. b4 axb4 25. cxb4 Bc4 26. Rc1 Rc7 27. Rec3
Rfc8 28. f3 g6 29. g4 Kf8 30. Kg3 Rc6 31. h4 Bd5 32. Rxc6 Rxc6 33. Rxc6 Bxc6 34.
f4 Ke7 35. g5 f6 36. Kf2 fxg5 37. hxg5 Ke6 38. Ke3 Kf5 0-1

[Event "AUTO-OPEN-894"]
[Site "http://www.queenalice.com/game.php?id=300422"]
[Date "2007.11.8"]
[Round "1"]
[White "juliux"]
[Black "juliocesarbraga"]
[Result "1-0"]
[WhiteElo "1778"]
[BlackElo "1382"]

1. e4 e5 2. Nf3 Nc6 3. d4 exd4 4. Nxd4 Nxd4 5. Qxd4 d6 6. Bc4 Be6 7. Bxe6 fxe6
8. O-O e5 9. Qd3 Nf6 10. Bg5 Be7 11. Nc3 O-O 12. f4 exf4 13. Rxf4 Nh5 14. Rxf8+
Qxf8 15. Bxe7 Qxe7 16. Qd5+ Kh8 17. Qxb7 Qd8 18. Nb5 Nf6 19. Qxc7 Qxc7 20. Nxc7
Rc8 21. Nb5 Nxe4 22. Nxa7 Rxc2 23. b4 Rb2 24. a3 d5 25. Nc6 Nc3 26. a4 Ne2+ 27.
Kf1 d4 28. b5 d3 29. Na7 Nc3 30. a5 Nxb5 31. Nxb5 Rxb5 32. a6 Rb8 33. Rd1 Ra8
34. Rxd3 h6 35. Rd6 Kg8 36. Ke2 Kf7 37. Rb6 Re8+ 38. Kd3 Rd8+ 39. Ke4 Re8+ 40.
Kf5 Kg8 41. a7 1-0

[Event "Challenge"]
[Site "http://www.queenalice.com/game.php?id=309684"]
[Date "2007.11.25"]
[Round "-"]
[White "Kleber_Willian"]
[Black "juliux"]
[Result "1/2-1/2"]
[WhiteElo "1766"]
[BlackElo "1780"]

1. e4 e5 2. Nf3 Nc6 3. d4 exd4 4. Nxd4 Nxd4 5. Qxd4 d6 6. Bh6 Nxh6 7. Bc4 c5 8.
Qd5 Be6 9. Qd3 Bxc4 10. Qxc4 Be7 11. Nc3 O-O 12. Qb5 Qb6 13. Qxb6 axb6 14. Nd5
Bg5 15. Nxb6 Ra6 16. Nc4 b5 17. Nd2 f5 18. Rd1 Bxd2+ 19. Rxd2 fxe4 20. Ke2 Rxa2
21. Rxd6 Rxb2 22. Rc1 Rf6 23. Rd8+ 1/2-1/2

[Event "AUTO-OPEN-894"]
[Site "http://www.queenalice.com/game.php?id=420225"]
[Date "2008.6.19"]
[Round "3"]
[White "Renatogr90"]
[Black "juliux"]
[Result "0-1"]
[WhiteElo "1558"]
[BlackElo "1792"]

1. e4 e5 2. Nf3 Nc6 3. Bb5 d6 4. Bxc6+ bxc6 5. d4 exd4 6. Qxd4 Be6 7. Be3 c5 8.
Qa4+ Bd7 9. Qc4 a6 10. Ng5 Nh6 11. Nc3 Be7 12. Nf3 Ng4 13. h3 Nxe3 14. fxe3 O-O
15. e5 Be6 16. Qa4 dxe5 17. Nxe5 Bh4+ 18. Ke2 Qd6 19. Nc4 Bxc4+ 20. Kf3 Qg3+ 21.
Ke4 f5# 0-1

[Event "AUTO-OPEN-894"]
[Site "http://www.queenalice.com/game.php?id=420226"]
[Date "2008.6.19"]
[Round "3"]
[White "juliux"]
[Black "Renatogr90"]
[Result "1-0"]
[WhiteElo "1790"]
[BlackElo "1583"]

1. e4 e5 2. Nf3 d6 3. Bc4 Bg4 4. Nc3 Bxf3 5. Qxf3 Qf6 6. Qxf6 Nxf6 7. d3 Nc6 8.
O-O Nd4 9. Bb3 Be7 10. Be3 c6 11. Bxd4 exd4 12. Ne2 O-O 13. Nxd4 a6 14. Nf5 Bd8
15. Nxd6 Kh8 16. Nxf7+ Kg8 17. Nxd8+ Kh8 18. Nxb7 Nd7 19. Ba4 Ne5 20. f4 Ng4 21.
Bxc6 Rac8 22. Na5 Ne3 23. Rfc1 Rxf4 24. Ba4 h6 25. c4 Rd8 26. Bc2 Nxc2 27. Rxc2
Rxd3 28. Re1 Rd4 29. b3 Rfxe4 30. Rxe4 Rxe4 31. c5 Re5 32. c6 Rxa5 33. c7 Re5
34. c8=Q+ Kh7 35. Qxa6 g5 36. Rc7+ Kg8 37. Qa8+ Re8 38. Qxe8# 1-0

[Event "AUTO-OPEN-894"]
[Site "http://www.queenalice.com/game.php?id=420227"]
[Date "2008.6.19"]
[Round "3"]
[White "deco1232007"]
[Black "juliux"]
[Result "1/2-1/2"]
[WhiteElo "1767"]
[BlackElo "1791"]

1. d4 d5 2. c4 dxc4 3. Nc3 e6 4. Nf3 a6 5. a3 b5 6. e4 Bb7 7. Be2 Be7 8. O-O Nf6
9. e5 Nd5 10. Bd2 Nxc3 11. bxc3 Nd7 12. Be3 O-O 13. a4 c6 14. axb5 cxb5 15. Ne1
Nb6 16. Bf3 Bxf3 17. Qxf3 Nd5 18. Bd2 f6 19. Qe2 f5 20. Nc2 Bg5 21. f4 Bh6 22.
Qh5 Qe8 23. Qh3 Qg6 24. Ne3 Nxf4 25. Qf3 Nd3 26. Qc6 Rfc8 27. Qf3 1/2-1/2

[Event "AUTO-OPEN-894"]
[Site "http://www.queenalice.com/game.php?id=420228"]
[Date "2008.6.19"]
[Round "3"]
[White "juliux"]
[Black "deco1232007"]
[Result "1-0"]
[WhiteElo "1792"]
[BlackElo "1726"]

1. e4 c5 2. Nf3 d6 3. d4 cxd4 4. Nxd4 Nf6 5. Bd3 a6 6. Bg5 e5 7. Ne2 Nc6 8. O-O
Be7 9. f4 Nd7 10. Bxe7 Qxe7 11. fxe5 dxe5 12. Bc4 O-O 13. Nbc3 b5 14. Bd5 Qc5+
15. Kh1 Bb7 16. Bxf7+ Rxf7 17. Rxf7 Nf6 18. Rxb7 1-0

[Event "AUTO-OPEN-1178"]
[Site "http://www.queenalice.com/game.php?id=425116"]
[Date "2008.6.29"]
[Round "1"]
[White "pergaminos"]
[Black "juliux"]
[Result "1-0"]
[WhiteElo "2116"]
[BlackElo "1799"]

1. d4 d5 2. Nf3 Nf6 3. Nc3 Bg4 4. e3 e6 5. Bd3 Bb4 6. Bd2 O-O 7. h3 Bh5 8. g4
Bg6 9. Bxg6 fxg6 10. Ne5 Bxc3 11. Bxc3 Ne4 12. Nd3 Qf6 13. Qe2 Nxc3 14. bxc3 Nd7
15. Rb1 e5 16. Rxb7 exd4 17. cxd4 Qc6 18. Rb3 Rab8 19. O-O Qf6 20. Rc1 Rxb3 21.
cxb3 c6 22. f4 Rc8 23. Ne5 1-0

[Event "AUTO-OPEN-1178"]
[Site "http://www.queenalice.com/game.php?id=425117"]
[Date "2008.6.29"]
[Round "1"]
[White "juliux"]
[Black "pergaminos"]
[Result "0-1"]
[WhiteElo "1803"]
[BlackElo "2113"]

1. e4 e5 2. Nf3 d6 3. Bc4 h6 4. Nc3 Bg4 5. Nxe5 dxe5 6. Qxg4 Nf6 7. Qf3 Nbd7 8.
O-O Bc5 9. d3 O-O 10. Be3 a6 11. a3 c6 12. Bxc5 Nxc5 13. b4 Ne6 14. Bxe6 fxe6
15. Qh3 Qd6 16. Ne2 a5 17. c3 Rfd8 18. Rfd1 Nxe4 19. g3 Ng5 20. Qg4 Rd7 21. f4
exf4 22. Nxf4 Rf7 23. Re1 e5 0-1

[Event "AUTO-OPEN-1178"]
[Site "http://www.queenalice.com/game.php?id=425144"]
[Date "2008.6.29"]
[Round "1"]
[White "crawfb5"]
[Black "juliux"]
[Result "1-0"]
[WhiteElo "2029"]
[BlackElo "1799"]

1. e4 e5 2. Nf3 d6 3. d4 exd4 4. Nxd4 Nc6 5. Nc3 Nxd4 6. Qxd4 c5 7. Qd3 Be6 8.
Bf4 Be7 9. O-O-O Qb6 10. Qb5+ Qxb5 11. Bxb5+ Bd7 12. Bxd6 Bxb5 13. Nxb5 Bxd6 14.
Nxd6+ Ke7 15. Nxb7 Nh6 16. f3 Rhc8 17. Rd5 Rab8 18. Nxc5 Rb5 19. Nb3 Rxd5 20.
exd5 Nf5 21. Rd1 Kd6 22. Rd3 Ne7 23. Nd2 Rc5 24. Ne4+ Ke5 25. Nxc5 Nxd5 26. Ra3
1-0

[Event "AUTO-OPEN-1178"]
[Site "http://www.queenalice.com/game.php?id=425145"]
[Date "2008.6.29"]
[Round "1"]
[White "juliux"]
[Black "crawfb5"]
[Result "0-1"]
[WhiteElo "1796"]
[BlackElo "2065"]

1. e4 c6 2. d4 d5 3. e5 Bf5 4. Bd3 Bxd3 5. Qxd3 e6 6. Ne2 c5 7. dxc5 Nc6 8. Bf4
Bxc5 9. O-O Nge7 10. a3 Ng6 11. Qb5 Qb6 12. Qxb6 Bxb6 13. Nd2 Nxf4 14. Nxf4 Nxe5
15. h3 Rc8 16. c3 O-O 17. c4 Nxc4 18. Nxc4 Rxc4 19. Nd3 Rfc8 20. Ne5 Rc2 21. b4
Bd4 22. Rae1 Bxe5 23. Rxe5 Ra2 24. Re3 d4 25. Rd3 e5 26. f4 f6 27. fxe5 fxe5 28.
Rdf3 h6 0-1

[Event "AUTO-OPEN-1178"]
[Site "http://www.queenalice.com/game.php?id=425162"]
[Date "2008.6.29"]
[Round "1"]
[White "filomenos"]
[Black "juliux"]
[Result "1-0"]
[WhiteElo "1792"]
[BlackElo "1820"]

1. d4 d5 2. Nc3 e6 3. Nf3 Nc6 4. g3 Bb4 5. Bd2 Nge7 6. Bg2 O-O 7. a3 Ba5 8. b4
Bb6 9. O-O Nxd4 10. Nxd4 Bxd4 11. Rb1 b6 12. e3 Bxc3 13. Bxc3 c5 14. b5 Rb8 15.
Qg4 e5 16. Qe2 d4 17. exd4 exd4 18. Bb2 Bb7 19. Bxb7 Rxb7 20. Qf3 Rd7 21. Rbd1
Ng6 22. Rfe1 Qg5 23. Re4 Ne5 24. Qe2 1-0

[Event "AUTO-OPEN-1178"]
[Site "http://www.queenalice.com/game.php?id=425163"]
[Date "2008.6.29"]
[Round "1"]
[White "juliux"]
[Black "filomenos"]
[Result "1-0"]
[WhiteElo "1805"]
[BlackElo "1777"]

1. e4 e5 2. Nf3 Nf6 3. Nxe5 d6 4. Nc4 Nxe4 5. Qe2 Qe7 6. d3 Nc5 7. Nc3 Qxe2+ 8.
Bxe2 Be7 9. O-O Nc6 10. Nd5 Ne6 11. Bg4 Bd8 12. Re1 O-O 13. c3 Nc5 14. Bxc8 Rxc8
15. d4 Ne6 16. Be3 Ne7 17. Nxe7+ Bxe7 18. Na5 Rb8 19. d5 b6 20. Nc6 Nc5 21. Nxb8
Rxb8 22. Bxc5 bxc5 23. Rxe7 1-0

[Event "AUTO-ADV-1770"]
[Site "http://www.queenalice.com/game.php?id=779219"]
[Date "2010.5.22"]
[Round "1"]
[White "filomenos"]
[Black "juliux"]
[Result "1-0"]
[WhiteElo "1900"]
[BlackElo "1754"]

1. d4 d5 2. g3 Nc6 3. Bg2 Nf6 4. Nf3 e6 5. O-O Bd6 6. Bg5 O-O 7. c3 Be7 8. Nbd2
h6 9. Bxf6 Bxf6 10. e4 dxe4 11. Nxe4 Qe7 12. Re1 Na5 13. b3 b6 14. Nxf6+ Qxf6
15. Ne5 Bb7 16. Bxb7 Nxb7 17. Nd7 Qg6 18. Nxf8 Kxf8 19. Qf3 Rb8 20. d5 exd5 21.
Qxd5 Qd6 22. Qxd6+ Nxd6 23. Re2 Re8 24. Rxe8+ Nxe8 25. Rd1 h5 26. f4 g6 27. c4
a5 28. Kf2 Nf6 29. Kf3 Ke7 30. h3 Nh7 31. Ke4 Ke6 32. Re1 Kd6 33. Rd1+ Ke6 34.
Kd4 f6 35. Re1+ Kd6 36. Re8 f5 37. Rg8 c5+ 38. Ke3 1-0

[Event "AUTO-ADV-1770"]
[Site "http://www.queenalice.com/game.php?id=779220"]
[Date "2010.5.22"]
[Round "1"]
[White "juliux"]
[Black "filomenos"]
[Result "0-1"]
[WhiteElo "1786"]
[BlackElo "1728"]

1. e4 d5 2. exd5 Qxd5 3. Nc3 Qe6+ 4. Be2 g6 5. Nf3 Bg7 6. O-O Nf6 7. Re1 Qd7 8.
Ne5 Qd8 9. Bc4 O-O 10. d3 c6 11. a4 Nbd7 12. Nxd7 Bxd7 13. Ne4 Nxe4 14. dxe4 Qc7
15. Ra3 Be5 16. Ree3 Bxh2+ 17. Kh1 Be5 18. Red3 Rad8 19. g3 Kh8 20. c3 Qc8 21.
f4 Bg7 22. Be3 Bg4 23. Rxd8 Rxd8 24. Qg1 Rd1 0-1

[Event "AUTO-ADV-1770"]
[Site "http://www.queenalice.com/game.php?id=779235"]
[Date "2010.5.22"]
[Round "1"]
[White "Panoramix"]
[Black "juliux"]
[Result "1-0"]
[WhiteElo "1790"]
[BlackElo "1744"]

1. d4 d5 2. c4 dxc4 3. Nf3 e6 4. e3 b5 5. b3 cxb3 6. Qxb3 a6 7. Nc3 Bb7 8. Be2
c6 9. Na4 Qa5+ 10. Nc3 Nf6 11. O-O Bd6 12. Bd2 Qc7 13. g3 O-O 14. Rac1 Nbd7 15.
Rfe1 h6 16. Bf1 Qb6 17. Bg2 c5 18. dxc5 Nxc5 19. Qb1 Be4 20. Nxe4 Ncxe4 21. Re2
Nxd2 22. Nxd2 Rac8 23. Nc4 Qc5 24. Rec2 bxc4 25. Rxc4 Qh5 26. Rxc8 Rxc8 27.
Rxc8+ Bf8 28. Qd3 Qb5 29. Qxb5 axb5 30. Bf1 b4 31. Bd3 e5 32. f3 Nd7 33. Kf2 Nb6
34. Rd8 f6 35. Bh7+ Kxh7 36. Rxf8 Nd7 37. Rf7 Nb6 38. Ke2 Nd5 39. Kd3 Kg6 40.
Rb7 f5 41. Rb5 e4+ 42. fxe4 fxe4+ 43. Kd4 Nc3 44. Rxb4 Nxa2 45. Rb2 Nc1 46. Kxe4
Kg5 47. h3 Kh5 48. Kd4 g5 49. Kc3 Kg6 50. Rc2 Nb3 51. Kxb3 Kf5 52. Rc4 Ke5 53.
Kc3 h5 54. Rc5+ Kf6 55. Kd4 1-0

[Event "AUTO-ADV-1770"]
[Site "http://www.queenalice.com/game.php?id=779236"]
[Date "2010.5.22"]
[Round "1"]
[White "juliux"]
[Black "Panoramix"]
[Result "1-0"]
[WhiteElo "1730"]
[BlackElo "1792"]

1. e4 e6 2. d4 d5 3. Nc3 c5 4. dxc5 Bxc5 5. exd5 exd5 6. Bb5+ Nc6 7. Qxd5 Qxd5
8. Nxd5 Kd8 9. Bxc6 bxc6 10. Nc3 Bf5 11. Bg5+ f6 12. O-O-O+ Kc7 13. Bf4+ Kb7 14.
Be3 Bxe3+ 15. fxe3 Ne7 16. e4 Bg4 17. Rd2 Rad8 18. h3 Rxd2 19. Kxd2 Rd8+ 20. Ke3
Be6 21. Nf3 Ng6 22. b3 Kb6 23. Nd4 Bc8 24. Nf5 Bxf5 25. exf5 Kc5 26. a3 Nh4 27.
Ne4+ Kb6 28. g4 Re8 29. Kf4 g5+ 30. Ke3 Ng2+ 31. Kf2 Rxe4 32. Kxg2 Re2+ 33. Kg3
Rxc2 34. h4 Rc3+ 35. Kf2 h6 36. hxg5 hxg5 37. Rh6 Rxb3 38. Rxf6 Rxa3 39. Rg6 a5
40. f6 Ra4 41. Ke3 Ra3+ 42. Ke4 Ra4+ 43. Kf5 Rf4+ 44. Kxg5 Rf1 45. Rg8 a4 46.
Kg6 a3 47. f7 Kb7 48. f8=Q Rxf8 49. Rxf8 a2 50. Rf1 Kb6 51. Kf7 Kb5 52. Ra1 Kb4
53. Rxa2 c5 54. g5 c4 55. g6 Kb3 56. Rh2 c3 57. g7 1-0

[Event "AUTO-ADV-1770"]
[Site "http://www.queenalice.com/game.php?id=779247"]
[Date "2010.5.22"]
[Round "1"]
[White "juliux"]
[Black "thw"]
[Result "0-1"]
[WhiteElo "1768"]
[BlackElo "1814"]

1. e4 e6 2. d4 d5 3. e5 c5 4. c3 Nc6 5. b3 cxd4 6. cxd4 Qb6 7. Nf3 Bb4+ 8. Bd2
Nge7 9. Bxb4 Qxb4+ 10. Qd2 Qxd2+ 11. Nbxd2 O-O 12. Bd3 Bd7 13. O-O Rac8 14. h3
Rc7 15. Rac1 Rfc8 16. Ng5 h6 17. Ngf3 Nb4 18. Rxc7 Rxc7 19. Bb1 Bb5 20. Rd1 Bd3
21. Bxd3 Nxd3 22. Ne1 Nxe1 23. Rxe1 Rc2 24. Nf3 Rxa2 25. Rc1 Nc6 26. Rb1 Rc2 27.
b4 Rc4 28. b5 Nxd4 29. Nxd4 Rxd4 30. g3 Rc4 31. b6 a6 32. h4 Rc5 33. Kg2 Rb5 34.
Rxb5 axb5 35. f4 b4 36. Kf3 b3 37. Ke2 b2 38. Kd2 b1=Q 0-1

[Event "AUTO-ADV-1770"]
[Site "http://www.queenalice.com/game.php?id=779248"]
[Date "2010.5.22"]
[Round "1"]
[White "thw"]
[Black "juliux"]
[Result "1-0"]
[WhiteElo "1900"]
[BlackElo "1798"]

1. e4 e5 2. Nf3 Nc6 3. Bb5 d6 4. h3 a6 5. Bxc6+ bxc6 6. O-O Nf6 7. Re1 Be7 8. c3
O-O 9. d4 exd4 10. cxd4 Bb7 11. Nc3 Nd7 12. e5 dxe5 13. dxe5 Bb4 14. Bd2 c5 15.
Ne4 Bxd2 16. Nexd2 Re8 17. Qc2 Bxf3 18. Nxf3 c6 19. Rad1 Qc7 20. Qf5 Nb6 21. Ng5
Re7 22. Qxh7+ Kf8 23. Qh8# 1-0